| 000 | 00580nam a22002057a 4500 | ||
|---|---|---|---|
| 003 | OSt | ||
| 005 | 20170124182715.0 | ||
| 008 | 160304b xxu||||| |||| 00| 0 eng d | ||
| 020 | _a033394979x | ||
| 040 | _c040a | ||
| 082 |
_a362.7 _bSCO 2003 |
||
| 100 |
_aScourfield, Jonathan _97071 |
||
| 245 | _aGender and Child Protection | ||
| 260 |
_aHampshire; _bPalgrave macmillan, _c2003 |
||
| 300 |
_avii,199p; ill: _c10n cm |
||
| 504 | _aIncludes index and bibliographical references | ||
| 650 |
_aChild protection _97072 |
||
| 650 |
_aGender violence _911456 |
||
| 942 |
_2ddc _cSLOAN |
||
| 999 |
_c3166 _d3166 |
||